Normal view
MARC view
- Flesch, Rudolf
Entry Personal Name
001 - CONTROL NUMBER
- control field: 107730
003 - CONTROL NUMBER IDENTIFIER
- control field: NUST
005 - DATE AND TIME OF LATEST TRANSACTION
- control field: 20230126104456.0
008 - FIXED-LENGTH DATA ELEMENTS
- fixed length control field: 230126|| aca||aabn | a|a d
040 ## - CATALOGING SOURCE
- Original cataloging agency: NUST
- Transcribing agency: NUST
100 ## - HEADING--PERSONAL NAME
- Personal name: Flesch, Rudolf
670 ## - SOURCE DATA FOUND
- Source citation: Work cat.: (NUST)181170: Flesch, Rudolf,, How to write plain English : , c1979.
